书目信息 |
| 题名: |
现代海藻资源综合利用
|
|
| 作者: | 段德麟 主编 | |
| 分册: | ||
| 出版信息: | 北京 科学出版社 2016.06 |
|
| 页数: | 283页 | |
| 开本: | 26cm | |
| 丛书名: | ||
| 单 册: | ||
| 中图分类: | Q949.2 | |
| 科图分类: | ||
| 主题词: | 海藻--植物资源--综合利用 | |
| 电子资源: | ||
| ISBN: | 978-7-03-048536-6 | |
| 000 | 01001nam0 2200241 450 | |
| 001 | 4653 | |
| 005 | 20181012150347.33 | |
| 010 | @a978-7-03-048536-6@dCNY138.00 | |
| 100 | @a20160826d2016 em y0chiy50 ea | |
| 101 | 0 | @achi |
| 102 | @aCN@b110000 | |
| 105 | @aa z 000yy | |
| 200 | 1 | @a现代海藻资源综合利用@9xian dai hai zao zi yuan zong he li yong@dModern intergrative [i.e. integrative] utilization of seaweeds resources@f段德麟[等]主编@zeng |
| 210 | @a北京@c科学出版社@d2016.06 | |
| 215 | @a283页@c图@d26cm | |
| 330 | @a本书分十一章,其中包括海藻资源及海藻工业历史、褐藻化工、红藻化工、海藻食品、海藻药物、海藻生物医用材料、海藻生物肥料、海藻饲料、海藻纤维的研究与进展等内容。 | |
| 510 | 1 | @aModern intergrative utilization of seaweeds resources@zeng |
| 510 | 1 | @aModern integrative utilization of seaweeds resources@zeng |
| 606 | 0 | @a海藻@x植物资源@x综合利用 |
| 690 | @aQ949.2@v5 | |
| 701 | 0 | @a段德麟@9duan de lin@4主编 |
| 801 | 0 | @aCN@b91MARC@c20160826 |
| 905 | @aMuseLib@dQ949.2@e391 | |
| 现代海藻资源综合利用=Modern intergrative [i.e. integrative] utilization of seaweeds resources/段德麟[等]主编.-北京:科学出版社,2016.06 |
| 283页:图;26cm |
| ISBN 978-7-03-048536-6:CNY138.00 |
| 本书分十一章,其中包括海藻资源及海藻工业历史、褐藻化工、红藻化工、海藻食品、海藻药物、海藻生物医用材料、海藻生物肥料、海藻饲料、海藻纤维的研究与进展等内容。 |
| ● |
| 相关链接 |
|
|
|
|
正题名:现代海藻资源综合利用
索取号:Q949.2/391
 
预约/预借
| 序号 | 登录号 | 条形码 | 馆藏地/架位号 | 状态 | 备注 |
| 1 | 1126127 | 211261276 | 第二样本阅览室/ [索取号:Q949.2/391] | 在馆 | |
| 2 | 1126128 | 211261285 | 第三借阅区/ [索取号:Q949.2/391] | 在馆 | |
| 3 | 1126129 | 211261294 | 密集书库-生命科学系/ [索取号:Q949.2/391] | 在馆 |